[Event "32. Copenhagen Open (Politiken Cup)"]
[Site "Elsinore"]
[Date "2010.08.04"]
[Round "6"]
[White "Willumsen, Henrik"]
[Black "Sorensen, Torben N"]
[Result "1/2-1/2"]
[WhiteElo "2165"]
[BlackElo "2419"]
[PlyCount "94"]
[EventDate "2010.07.31"]
[EventType "swiss"]
[EventRounds "10"]
[EventCountry "DEN"]
[Source "ChessBase"]
[SourceDate "2010.09.01"]

1. e4 c5 2. Nf3 Nc6 3. Bb5 g6 4. O-O Bg7 5. Nc3 Nd4 6. Bc4 e6 7. d3 Ne7 8. Bf4
d6 9. Nxd4 cxd4 10. Nb5 e5 11. Bg5 f6 12. f4 fxg5 13. fxg5 a6 14. Qf3 Rf8 15.
Bf7+ Kd7 16. Qh3+ Kc6 17. Qxh7 axb5 18. Qxg7 Bd7 19. c3 Kb6 20. cxd4 Nc6 21. d5
Nd4 22. Bxg6 Rg8 23. Qf6 Be8 24. Bxe8 Rxe8 25. Qxd8+ Raxd8 26. Rf6 Ne2+ 27. Kf2
Nf4 28. Rd1 Rh8 29. d4 Nh5 30. dxe5 Nxf6 31. exf6 Rdg8 32. g4 Rxg5 33. Kg3 Rg6
34. Rf1 Rf8 35. h4 Rgxf6 36. Rf5 Rxf5 37. exf5 Kc7 38. h5 Kd7 39. h6 Ke7 40.
Kf4 Kf7 41. g5 Re8 42. g6+ Kf6 43. h7 b4 44. a4 bxa3 45. bxa3 b5 46. Kg4 Kg7
47. Kg5 Re5 1/2-1/2

[Event "32. Copenhagen Open (Politiken Cup)"]
[Site "Elsinore"]
[Date "2010.08.05"]
[Round "7"]
[White "Akdag, Dara Sevkan"]
[Black "Haubro, Martin"]
[Result "1-0"]
[WhiteElo "2164"]
[BlackElo "1991"]
[PlyCount "35"]
[EventDate "2010.07.31"]
[EventType "swiss"]
[EventRounds "10"]
[EventCountry "DEN"]
[Source "ChessBase"]
[SourceDate "2010.09.01"]

1. Nf3 f5 2. d3 d6 3. e4 g6 4. Nc3 Bg7 5. Bg5 h6 6. Be3 e5 7. g3 c5 8. Nh4 Ne7
9. exf5 Bxf5 10. Nxf5 Nxf5 11. Qg4 Qf6 12. Bg2 Nc6 13. Bd5 h5 14. Qa4 Kd7 15.
Ne4 Qf8 16. Qb5 Kc7 17. Ng5 Nd8 18. Ne6+ 1-0

[Event "32. Copenhagen Open (Politiken Cup)"]
[Site "Elsinore"]
[Date "2010.08.05"]
[Round "7"]
[White "Andersen, Claus"]
[Black "Jacobsen, Caroline Beer"]
[Result "1-0"]
[WhiteElo "1839"]
[BlackElo "1590"]
[PlyCount "105"]
[EventDate "2010.07.31"]
[EventType "swiss"]
[EventRounds "10"]
[EventCountry "DEN"]
[Source "ChessBase"]
[SourceDate "2010.09.01"]

1. d4 Nf6 2. c4 e6 3. g3 g6 4. Bg2 Bg7 5. Nc3 d5 6. Bg5 O-O 7. cxd5 exd5 8.
Nxd5 Nbd7 9. Nxf6+ Nxf6 10. Nf3 h6 11. Bd2 Ne4 12. O-O Bxd4 13. Nxd4 Qxd4 14.
Bxh6 Qxd1 15. Rfxd1 Re8 16. Bxe4 Rxe4 17. Rd8+ Kh7 18. Be3 b6 19. Rad1 Rc4 20.
Bd4 Bb7 21. Bc3 Kh6 22. h4 g5 23. Rxa8 Bxa8 24. Rd8 Bc6 25. Rh8+ Kg6 26. h5+
Kf5 27. Rf8 Ke6 28. h6 Be4 29. Re8+ Kd7 30. Rxe4 Rc6 31. h7 Rh6 32. h8=Q Rxh8
33. Bxh8 c5 34. Kg2 Kd6 35. Kf3 Kd7 36. Kg4 Kd6 37. Kf5 a6 38. b4 cxb4 39. Rxb4
Kc5 40. a3 b5 41. Bd4+ Kc6 42. a4 Kd5 43. axb5 axb5 44. e4+ Kc6 45. Be3 f6 46.
e5 fxe5 47. Kxe5 g4 48. Ke6 Kc7 49. Rxb5 Kc6 50. Rc5+ Kb6 51. Kd7 Ka6 52. Kc7
Ka7 53. Ra5# 1-0

[Event "32. Copenhagen Open (Politiken Cup)"]
[Site "Elsinore"]
[Date "2010.08.05"]
[Round "7"]
[White "Andersen, Morten"]
[Black "Rundgren, Anders"]
[Result "1-0"]
[WhiteElo "2179"]
[BlackElo "1915"]
[PlyCount "73"]
[EventDate "2010.07.31"]
[EventType "swiss"]
[EventRounds "10"]
[EventCountry "DEN"]
[Source "ChessBase"]
[SourceDate "2010.09.01"]

1. d4 Nf6 2. Nf3 g6 3. c4 Bg7 4. Nc3 d6 5. h3 O-O 6. e4 Nbd7 7. Bd3 e5 8. Bg5
h6 9. Be3 exd4 10. Nxd4 Nc5 11. O-O Re8 12. f3 Nh5 13. Bc2 Ne6 14. Nde2 Ng5 15.
Qe1 Be6 16. h4 Nh7 17. b3 c6 18. Rd1 Qe7 19. Nf4 Nxf4 20. Bxf4 Qf6 21. Ne2 Rad8
22. Rxd6 Qb2 23. Bb1 Rxd6 24. Bxd6 Nf6 25. Bf4 Nh5 26. Be3 Rd8 27. Bxa7 Bf6 28.
Be3 Kh7 29. g4 Ng7 30. h5 Qe5 31. f4 Qc7 32. e5 Be7 33. Qg3 Qd7 34. hxg6+ fxg6
35. f5 gxf5 36. Qh2 Rh8 37. Ng3 1-0

[Event "32. Copenhagen Open (Politiken Cup)"]
[Site "Elsinore"]
[Date "2010.08.05"]
[Round "7"]
[White "Antonsen, Mikkel"]
[Black "Hillarp Persson, Tiger"]
[Result "1/2-1/2"]
[WhiteElo "2463"]
[BlackElo "2538"]
[PlyCount "182"]
[EventDate "2010.07.31"]
[EventType "swiss"]
[EventRounds "10"]
[EventCountry "DEN"]
[Source "ChessBase"]
[SourceDate "2010.09.01"]

1. d4 Nf6 2. Nf3 g6 3. Bg5 Bg7 4. Nbd2 d5 5. e3 O-O 6. Be2 c5 7. c3 Qb6 8. Qb3
Nc6 9. O-O Bf5 10. Bf4 Nd7 11. h3 h6 12. g4 Be6 13. Rfd1 Rac8 14. Qa3 g5 15.
Bh2 f5 16. Nb3 fxg4 17. dxc5 Nxc5 18. Nxc5 gxf3 19. Bf1 Bf7 20. Nd7 Qa5 21.
Qxa5 Nxa5 22. Nxf8 Kxf8 23. Bd3 Nc4 24. Rab1 Be6 25. e4 Bxh3 26. exd5 Nd6 27.
Re1 Bd7 28. Be5 Bf6 29. Re3 g4 30. Bxf6 exf6 31. Rbe1 Nf7 32. Re7 Rd8 33. c4
Ne5 34. R1xe5 fxe5 35. Rh7 e4 36. Bxe4 Re8 37. Bg6 Re7 38. Rxh6 Re1+ 39. Kh2
Rf1 40. Kg3 Rg1+ 41. Kf4 g3 42. fxg3 Kg7 43. Rh2 Kxg6 44. Kxf3 Re1 45. Rc2 Bf5
46. Rd2 Rc1 47. b3 Kg5 48. Ke3 Rc3+ 49. Kd4 Rxg3 50. Ke5 Re3+ 51. Kd6 Kf6 52.
c5 Re8 53. Kc7 Rc8+ 54. Kxb7 Rxc5 55. Kxa7 Ke7 56. d6+ Kd7 57. b4 Rc4 58. a3
Be4 59. Kb6 Rc6+ 60. Kb5 Rc8 61. Rd4 Bf3 62. Kb6 Ra8 63. Rd3 Be4 64. Re3 Bg2
65. Rg3 Bh1 66. Rh3 Rb8+ 67. Ka7 Ra8+ 68. Kb6 Be4 69. Re3 Bd5 70. Kc5 Be6 71.
Rd3 Rc8+ 72. Kb6 Bf5 73. Rd5 Be4 74. Rd4 Rb8+ 75. Kc5 Rc8+ 76. Kb6 Bc6 77. Rd3
Rb8+ 78. Ka7 Rb5 79. Rd4 Rh5 80. Kb6 Bd5 81. Kc5 Bg2+ 82. Kb6 Bc6 83. Rd2 Ba4
84. Rd3 Bc2 85. Rd2 Bb3 86. Rd4 Bd5 87. Kc5 Bc6+ 88. Kb6 Rg5 89. Rd2 Rb5+ 90.
Ka7 Bd5 91. a4 Rxb4 1/2-1/2

[Event "32. Copenhagen Open (Politiken Cup)"]
[Site "Elsinore"]
[Date "2010.08.05"]
[Round "7"]
[White "Caceres, Cipriano Sande"]
[Black "Madsen, Dennis"]
[Result "0-1"]
[WhiteElo "1745"]
[BlackElo "1557"]
[PlyCount "104"]
[EventDate "2010.07.31"]
[EventType "swiss"]
[EventRounds "10"]
[EventCountry "DEN"]
[Source "ChessBase"]
[SourceDate "2010.09.01"]

1. c4 g6 2. Nf3 Bg7 3. d4 d6 4. e3 f5 5. Bd3 Nf6 6. Nc3 O-O 7. O-O c6 8. b4 Na6
9. Qb3 Nc7 10. Rb1 b6 11. Rd1 d5 12. Ne5 Qd6 13. c5 bxc5 14. bxc5 Qe6 15. Qa4
Ne4 16. Bxe4 Bxe5 17. Bf3 Bg7 18. Qb3 Ba6 19. Ne2 Bc4 20. Qc2 g5 21. g3 Qg6 22.
Rb4 Bxe2 23. Bxe2 e5 24. Rb7 Ne6 25. Bb2 e4 26. Rb1 g4 27. Qa4 Ng5 28. Rxa7
Nh3+ 29. Kf1 Rae8 30. Bc1 Kh8 31. Rbb7 Rg8 32. Rb6 Re6 33. Ra8 Rge8 34. Rbb8 h5
35. Rxe8+ Rxe8 36. Rxe8+ Qxe8 37. Qa7 Ng5 38. Bd2 h4 39. Ba5 Qh5 40. Bd8 hxg3
41. Bc7 Qxh2 42. Ke1 Qxf2+ 43. Kd1 g2 44. Qb8+ Kh7 45. Bh2 Qxe3 46. Qc8 Qxd4+
47. Ke1 Qa1+ 48. Bd1 Nf3+ 49. Kf2 Qxa2+ 50. Be2 Bd4+ 51. Kg3 Be5+ 52. Kf2 g3+
0-1

[Event "32. Copenhagen Open (Politiken Cup)"]
[Site "Elsinore"]
[Date "2010.08.05"]
[Round "7"]
[White "Carnstam, Tomas"]
[Black "Hoel, Jorgen"]
[Result "1-0"]
[WhiteElo "2004"]
[BlackElo "1824"]
[PlyCount "55"]
[EventDate "2010.07.31"]
[EventType "swiss"]
[EventRounds "10"]
[EventCountry "DEN"]
[Source "ChessBase"]
[SourceDate "2010.09.01"]

1. c4 c5 2. Nc3 Nc6 3. f4 g6 4. Nf3 Bg7 5. e3 d6 6. Be2 e5 7. fxe5 dxe5 8. O-O
Nge7 9. e4 O-O 10. Nd5 a6 11. a4 f5 12. d3 f4 13. Bd2 a5 14. Be1 h6 15. Bf2 Nd4
16. Nxd4 exd4 17. Be1 Be5 18. Bg4 Qd6 19. Nxe7+ Qxe7 20. Bxc8 Rfxc8 21. Qg4 Rc6
22. Bd2 g5 23. Bxf4 Bxf4 24. Rxf4 Rb6 25. Rf2 Rb3 26. Qh3 Qg7 27. Qe6+ Kh8 28.
Rf7 1-0

[Event "32. Copenhagen Open (Politiken Cup)"]
[Site "Elsinore"]
[Date "2010.08.05"]
[Round "7"]
[White "Carstensen, Jacob"]
[Black "Eriksson, Christian Altenburg"]
[Result "1/2-1/2"]
[WhiteElo "2295"]
[BlackElo "2128"]
[PlyCount "81"]
[EventDate "2010.07.31"]
[EventType "swiss"]
[EventRounds "10"]
[EventCountry "DEN"]
[Source "ChessBase"]
[SourceDate "2010.09.01"]

1. d4 d5 2. c4 c6 3. Nf3 Nf6 4. e3 Bf5 5. Nc3 e6 6. Nh4 Be4 7. f3 Bg6 8. Qb3
Qc7 9. g3 Be7 10. Be2 Nbd7 11. cxd5 exd5 12. Bd2 Qb6 13. Qxb6 Nxb6 14. Nxg6
hxg6 15. b3 Ba3 16. Rd1 O-O-O 17. Kf2 Rde8 18. Bd3 Bb4 19. Rde1 Nbd7 20. Kg2
Nf8 21. Re2 Ne6 22. Rc1 Kb8 23. Nd1 Bxd2 24. Rxd2 g5 25. Nf2 g6 26. Re2 Re7 27.
a4 Rhe8 28. Kf1 Rh8 29. h3 Nh5 30. Kg2 Rhe8 31. Rd2 Nhg7 32. g4 Nc7 33. Nd1 f5
34. b4 a6 35. Rc3 Re6 36. Re2 f4 37. e4 dxe4 38. Bxe4 Rd8 39. Rd2 Red6 40. Rcd3
Nge8 41. Nc3 1/2-1/2

[Event "32. Copenhagen Open (Politiken Cup)"]
[Site "Elsinore"]
[Date "2010.08.05"]
[Round "7"]
[White "Christensen, Casper"]
[Black "Jacobsen, Per"]
[Result "1-0"]
[WhiteElo "1888"]
[BlackElo "1689"]
[PlyCount "23"]
[EventDate "2010.07.31"]
[EventType "swiss"]
[EventRounds "10"]
[EventCountry "DEN"]
[Source "ChessBase"]
[SourceDate "2010.09.01"]

1. e4 Nf6 2. e5 Nd5 3. Nf3 d6 4. Bc4 e6 5. d4 Nb6 6. Bb3 Nc6 7. exd6 Bxd6 8. c3
O-O 9. Ng5 h6 10. Ne4 Be7 11. Qh5 Na5 12. Qxa5 1-0

[Event "32. Copenhagen Open (Politiken Cup)"]
[Site "Elsinore"]
[Date "2010.08.05"]
[Round "7"]
[White "Christensen, Esben"]
[Black "Barane, Simon"]
[Result "1/2-1/2"]
[WhiteElo "2098"]
[BlackElo "1808"]
[PlyCount "43"]
[EventDate "2010.07.31"]
[EventType "swiss"]
[EventRounds "10"]
[EventCountry "DEN"]
[Source "ChessBase"]
[SourceDate "2010.09.01"]

1. e4 c5 2. Nf3 d6 3. d4 cxd4 4. Nxd4 Nf6 5. Nc3 g6 6. Be2 Bg7 7. Be3 O-O 8.
O-O Nc6 9. Qd2 Nxd4 10. Bxd4 Be6 11. f4 d5 12. Bxf6 Bxf6 13. Nxd5 Bxd5 14. exd5
Qb6+ 15. Kh1 Qxb2 16. Rab1 Qxa2 17. Rxb7 Rfd8 18. Rd1 Rab8 19. Rc7 a5 20. Bc4
Qa3 21. Kg1 Rbc8 22. Rxc8 1/2-1/2

[Event "32. Copenhagen Open (Politiken Cup)"]
[Site "Elsinore"]
[Date "2010.08.05"]
[Round "7"]
[White "Christensen, Simon Ellegaard"]
[Black "Skovgaard, Tom"]
[Result "1/2-1/2"]
[WhiteElo "1829"]
[BlackElo "2014"]
[PlyCount "33"]
[EventDate "2010.07.31"]
[EventType "swiss"]
[EventRounds "10"]
[EventCountry "DEN"]
[Source "ChessBase"]
[SourceDate "2010.09.01"]

1. d4 g6 2. Nf3 d6 3. c4 Bg7 4. Nc3 a6 5. g3 b6 6. Bg2 Bb7 7. O-O Nd7 8. e4 e6
9. Qe2 Ne7 10. Be3 h6 11. Rac1 O-O 12. Nd2 c6 13. b4 a5 14. b5 Kh7 15. Kh1 c5
16. dxc5 dxc5 17. f4 1/2-1/2

[Event "32. Copenhagen Open (Politiken Cup)"]
[Site "Elsinore"]
[Date "2010.08.05"]
[Round "7"]
[White "Christiansen, Jens Jorgen"]
[Black "Moripen, Markus"]
[Result "1-0"]
[WhiteElo "2156"]
[BlackElo "1953"]
[PlyCount "75"]
[EventDate "2010.07.31"]
[EventType "swiss"]
[EventRounds "10"]
[EventCountry "DEN"]
[Source "ChessBase"]
[SourceDate "2010.09.01"]

1. d4 Nf6 2. c4 g6 3. Nc3 Bg7 4. Bg5 O-O 5. Nf3 h6 6. Bh4 d6 7. e3 Nbd7 8. Be2
Re8 9. O-O Nf8 10. Qc2 g5 11. Bg3 Nh5 12. Rad1 Nxg3 13. hxg3 c6 14. d5 Qc7 15.
Nd4 e6 16. dxe6 Bxe6 17. b3 Rad8 18. g4 Qa5 19. Ne4 d5 20. Ng3 dxc4 21. bxc4
Ng6 22. Ngf5 Bxf5 23. Nxf5 Bf8 24. Qb2 b6 25. Qf6 Rxd1 26. Rxd1 Re6 27. Qb2 Qe5
28. Qd2 Ne7 29. Nd4 Rd6 30. Qc2 c5 31. Nb5 Rxd1+ 32. Qxd1 a6 33. Nd6 Ng6 34.
Nf5 Ne7 35. Ng3 Qc7 36. Bf3 b5 37. Bd5 Qd6 38. Bxf7+ 1-0

[Event "32. Copenhagen Open (Politiken Cup)"]
[Site "Elsinore"]
[Date "2010.08.05"]
[Round "7"]
[White "Christiansen, Torsten Sundgaar"]
[Black "Olofsson Dolk, Mattis"]
[Result "0-1"]
[WhiteElo "1733"]
[BlackElo "1949"]
[PlyCount "65"]
[EventDate "2010.07.31"]
[EventType "swiss"]
[EventRounds "10"]
[EventCountry "DEN"]
[Source "ChessBase"]
[SourceDate "2010.09.01"]

1. d4 Nf6 2. e3 g6 3. Bd3 Bg7 4. Nf3 d5 5. h3 O-O 6. Nbd2 c5 7. c3 Nc6 8. dxc5
Nd7 9. Nb3 Nde5 10. O-O Nxd3 11. Qxd3 Bf5 12. Qb5 Qc7 13. Nfd4 Bd7 14. Qe2 a6
15. a4 e5 16. Nxc6 Bxc6 17. Rd1 Rad8 18. Bd2 f5 19. c4 d4 20. Ba5 Qd7 21. Bxd8
Rxd8 22. Na5 d3 23. Qd2 Bxa4 24. b3 Bc6 25. Nxc6 Qxc6 26. b4 e4 27. Ra3 Be5 28.
Rc1 Qf6 29. Rb1 Qf7 30. Rc1 f4 31. b5 axb5 32. cxb5 f3 33. Rc4 0-1

[Event "32. Copenhagen Open (Politiken Cup)"]
[Site "Elsinore"]
[Date "2010.08.05"]
[Round "7"]
[White "Cmilyte, Viktorija"]
[Black "Christensen, Klaus"]
[Result "1-0"]
[WhiteElo "2527"]
[BlackElo "2009"]
[PlyCount "27"]
[EventDate "2010.07.31"]
[EventType "swiss"]
[EventRounds "10"]
[EventCountry "DEN"]
[Source "ChessBase"]
[SourceDate "2010.09.01"]

1. d4 d5 2. c4 c6 3. Nc3 Nf6 4. Nf3 dxc4 5. a4 Bf5 6. Nh4 Bg6 7. Nxg6 hxg6 8.
e4 e5 9. Be3 Nbd7 10. Bxc4 Bb4 11. Bxf7+ Kxf7 12. Qb3+ Ke8 13. Qxb4 exd4 14.
Qxd4 1-0

[Event "32. Copenhagen Open (Politiken Cup)"]
[Site "Elsinore"]
[Date "2010.08.05"]
[Round "7"]
[White "Czarnota, Dorota"]
[Black "Bulski, Krzysztof"]
[Result "0-1"]
[WhiteElo "2214"]
[BlackElo "2434"]
[PlyCount "118"]
[EventDate "2010.07.31"]
[EventType "swiss"]
[EventRounds "10"]
[EventCountry "DEN"]
[Source "ChessBase"]
[SourceDate "2010.09.01"]

1. e4 c5 2. Nf3 d6 3. d4 cxd4 4. Nxd4 Nf6 5. Nc3 a6 6. Be2 e5 7. Nb3 Be7 8. Bg5
Nbd7 9. a4 h6 10. Bh4 Qc7 11. a5 g5 12. Bg3 Nc5 13. Nxc5 Qxc5 14. f3 Be6 15.
Bf2 Qc6 16. O-O Rd8 17. Bb6 Rd7 18. Qe1 O-O 19. Rd1 Bd8 20. Qf2 Bxb6 21. axb6
Rdd8 22. Rd2 Nd7 23. Rfd1 Nxb6 24. h4 Rd7 25. Bf1 Rfd8 26. Qg3 f6 27. Kh2 Kg7
28. Nd5 Bxd5 29. exd5 Qa4 30. h5 f5 31. Qf2 Nc8 32. c4 Rc7 33. Bd3 Rf8 34. Qe1
Re7 35. Re2 Qe8 36. g4 e4 37. Bc2 fxg4 38. fxg4 Rf4 39. Qc3+ Kg8 40. Rg1 Qf8
41. Qe1 Qe8 42. Rg3 Nb6 43. Qb4 Nd7 44. Qxd6 Nf6 45. Kg2 Nxg4 46. Qg6+ Qxg6 47.
hxg6 Nf6 48. b4 Kg7 49. Ba4 b5 50. Bb3 bxc4 51. Bxc4 e3 52. Bxa6 Nxd5 53. b5
Kxg6 54. Kg1 Rb4 55. Kh2 Rb3 56. b6 Nxb6 57. Rc2 Kg7 58. Rc6 Nd5 59. Bc4 Rb2+
0-1

[Event "32. Copenhagen Open (Politiken Cup)"]
[Site "Elsinore"]
[Date "2010.08.05"]
[Round "7"]
[White "Dam, Vagnur"]
[Black "Rasmussen, Morten Fredsgaard"]
[Result "1-0"]
[WhiteElo "1673"]
[BlackElo "1956"]
[PlyCount "55"]
[EventDate "2010.07.31"]
[EventType "swiss"]
[EventRounds "10"]
[EventCountry "DEN"]
[Source "ChessBase"]
[SourceDate "2010.09.01"]

1. d4 d5 2. c4 c6 3. Nf3 Nf6 4. e3 e6 5. b3 Ne4 6. Bb2 Nd7 7. Nbd2 f5 8. Bd3
Bd6 9. O-O Qf6 10. Ne1 Qh6 11. g3 g5 12. Bxe4 fxe4 13. f3 exf3 14. Qxf3 Rf8 15.
Qg2 Nf6 16. e4 Bb4 17. exd5 Bxd2 18. Qxd2 exd5 19. Nd3 Ne4 20. Rxf8+ Qxf8 21.
Qe3 Bh3 22. cxd5 cxd5 23. Nc5 Qe7 24. Re1 Bf5 25. Ba3 O-O-O 26. Rc1 Qf7 27.
Nxe4+ Kb8 28. Nd6 1-0

[Event "32. Copenhagen Open (Politiken Cup)"]
[Site "Elsinore"]
[Date "2010.08.05"]
[Round "7"]
[White "Eljanov, Pavel"]
[Black "Rodshtein, Maxim"]
[Result "1/2-1/2"]
[WhiteElo "2755"]
[BlackElo "2609"]
[PlyCount "63"]
[EventDate "2010.07.31"]
[EventType "swiss"]
[EventRounds "10"]
[EventCountry "DEN"]
[Source "ChessBase"]
[SourceDate "2010.09.01"]

1. Nf3 Nf6 2. c4 g6 3. Nc3 d5 4. Qa4+ Nc6 5. d4 Bg7 6. Bg5 Ne4 7. cxd5 Nxc3 8.
bxc3 Qxd5 9. e3 O-O 10. Qb5 Be6 11. Be2 Qxb5 12. Bxb5 f6 13. Bf4 Rfc8 14. O-O
Na5 15. Rfd1 a6 16. Bf1 c5 17. e4 b5 18. d5 Bd7 19. e5 Bg4 20. Re1 Bxf3 21.
gxf3 Rf8 22. Rad1 fxe5 23. Bxe5 Bxe5 24. Rxe5 Ra7 25. Rde1 Rf7 26. Kg2 Kf8 27.
Re6 c4 28. d6 Nc6 29. Rd1 Rf5 30. Kg3 exd6 31. Bh3 Rc5 32. Rexd6 1/2-1/2

[Event "32. Copenhagen Open (Politiken Cup)"]
[Site "Elsinore"]
[Date "2010.08.05"]
[Round "7"]
[White "Frisvold, Ole Emil"]
[Black "Torner Planell, Josep Ramon"]
[Result "1/2-1/2"]
[WhiteElo "1871"]
[BlackElo "2034"]
[PlyCount "55"]
[EventDate "2010.07.31"]
[EventType "swiss"]
[EventRounds "10"]
[EventCountry "DEN"]
[Source "ChessBase"]
[SourceDate "2010.09.01"]

1. d4 d5 2. c4 c6 3. Nf3 Nf6 4. e3 Bf5 5. cxd5 cxd5 6. Qb3 Qc7 7. Nc3 e6 8. Bd2
Be7 9. Nb5 Qd8 10. Bb4 O-O 11. Bxe7 Qxe7 12. Be2 Rc8 13. O-O Nc6 14. Rfc1 a6
15. Nc3 b5 16. Qd1 h6 17. Bd3 Bxd3 18. Qxd3 Na5 19. b3 Nc6 20. a3 Na5 21. Nd2
Rc7 22. b4 Nc4 23. Nb3 Ne8 24. Nc5 Ned6 25. Ra2 a5 26. Rca1 Rca7 27. Qb1 Qc7
28. a4 1/2-1/2

[Event "32. Copenhagen Open (Politiken Cup)"]
[Site "Elsinore"]
[Date "2010.08.05"]
[Round "7"]
[White "Ganguly, Surya Shekhar"]
[Black "Aagaard, Jacob"]
[Result "1-0"]
[WhiteElo "2655"]
[BlackElo "2542"]
[PlyCount "71"]
[EventDate "2010.07.31"]
[EventType "swiss"]
[EventRounds "10"]
[EventCountry "DEN"]
[Source "ChessBase"]
[SourceDate "2010.09.01"]

1. d4 f5 2. Nf3 Nf6 3. g3 e6 4. Bg2 d5 5. O-O Bd6 6. c4 c6 7. Qc2 O-O 8. b3 Qe7
9. Bb2 b5 10. Nbd2 a5 11. Ne5 a4 12. cxb5 a3 13. Bc1 cxb5 14. Ndf3 b4 15. Bg5
Ba6 16. Rfc1 Qb7 17. Bxf6 gxf6 18. Nd3 Bxd3 19. Qxd3 Na6 20. e3 Rfc8 21. Bf1
Nc7 22. Rc2 Be7 23. Rac1 Ne8 24. Nh4 Nd6 25. Ng2 Qd7 26. Nf4 Rxc2 27. Rxc2 Rc8
28. Qd1 Rxc2 29. Qxc2 Ne4 30. Bd3 Nc3 31. Ne2 Nxe2+ 32. Qxe2 Bf8 33. Kf1 Qc7
34. Kg2 Bd6 35. Qf3 Qg7 36. Bxf5 1-0

[Event "32. Copenhagen Open (Politiken Cup)"]
[Site "Elsinore"]
[Date "2010.08.05"]
[Round "7"]
[White "Gislason, Gudmundur"]
[Black "Eklund, Joel"]
[Result "1-0"]
[WhiteElo "2351"]
[BlackElo "2192"]
[PlyCount "107"]
[EventDate "2010.07.31"]
[EventType "swiss"]
[EventRounds "10"]
[EventCountry "DEN"]
[Source "ChessBase"]
[SourceDate "2010.09.01"]

1. d4 Nf6 2. c4 c5 3. d5 e6 4. Nc3 exd5 5. cxd5 d6 6. e4 g6 7. h3 Bg7 8. Nf3 a6
9. a4 Nbd7 10. Bd3 Nh5 11. g4 Nhf6 12. Bf4 Qe7 13. Qe2 O-O 14. Qe3 Re8 15. O-O
h5 16. g5 Nh7 17. h4 f6 18. Kg2 fxg5 19. Nxg5 Ne5 20. Bxe5 Bxe5 21. f4 Nxg5 22.
hxg5 Bd4 23. Qg3 Kg7 24. f5 Qe5 25. Qxe5+ Bxe5 26. Rf3 Bd7 27. Raf1 Rf8 28. a5
b5 29. axb6 Rab8 30. Ra1 Rxb6 31. Rxa6 Rxb2+ 32. Ne2 Rfb8 33. Ra7 R8b7 34. Rxb7
Rxb7 35. Nf4 Rb2+ 36. Kf1 Bxf4 37. Rxf4 Bb5 38. Bxb5 Rxb5 39. f6+ Kf7 40. e5
dxe5 41. Ra4 Rb7 42. Ke2 Rd7 43. Ke3 Rxd5 44. Ra7+ Kf8 45. Rg7 c4 46. Rxg6 c3
47. Rh6 c2 48. Rh8+ Kf7 49. Rc8 Kg6 50. Rxc2 Kxg5 51. f7 Rd8 52. Rg2+ Kf6 53.
Rg8 Ke7 54. Rxd8 1-0

[Event "32. Copenhagen Open (Politiken Cup)"]
[Site "Elsinore"]
[Date "2010.08.05"]
[Round "7"]
[White "Gundersen, Ingvar"]
[Black "Bjorneboe, Kristian"]
[Result "1/2-1/2"]
[WhiteElo "1779"]
[BlackElo "1979"]
[PlyCount "170"]
[EventDate "2010.07.31"]
[EventType "swiss"]
[EventRounds "10"]
[EventCountry "DEN"]
[Source "ChessBase"]
[SourceDate "2010.09.01"]

1. e4 c6 2. d4 d5 3. Nc3 dxe4 4. Nxe4 Bf5 5. Bd3 Qxd4 6. Nf3 Qd5 7. Qe2 Nf6 8.
Nd6+ Qxd6 9. Bxf5 g6 10. Bh3 Bg7 11. O-O O-O 12. Rd1 Qc7 13. Be3 Nbd7 14. Bd4
e6 15. c4 Rfe8 16. Ne5 Nxe5 17. Bxe5 Qb6 18. b4 Rad8 19. a3 c5 20. b5 Nh5 21.
g4 Bxe5 22. Qxe5 Ng7 23. Bg2 Rd4 24. Rxd4 cxd4 25. a4 Rc8 26. Rd1 Qc5 27. Qxc5
Rxc5 28. Rxd4 Kf8 29. Bxb7 e5 30. Rd8+ Ke7 31. Rg8 Ne6 32. Bd5 Nf4 33. Ra8 Rc7
34. Bc6 Kd6 35. Rh8 Kc5 36. a5 Kxc4 37. b6 axb6 38. axb6 Rxc6 39. b7 Rb6 40.
b8=Q Rxb8 41. Rxb8 Kd5 42. Rh8 h5 43. gxh5 gxh5 44. Rf8 Ke6 45. f3 f6 46. Kf2
Kf5 47. Rg8 Ke6 48. Rg7 Kf5 49. Ra7 Kg5 50. Ra6 Kf5 51. Kg3 Kg5 52. h4+ Kf5 53.
Ra8 Ne2+ 54. Kf2 Nf4 55. Rg8 Ke6 56. Ke3 Kf5 57. Rg1 Nh3 58. Rg3 Nf4 59. Rg1
Ne6 60. Kd3 Nf4+ 61. Kc4 Ng6 62. Rh1 Kf4 63. Kd5 Kxf3 64. Rf1+ Kg4 65. Rxf6
Nxh4 66. Kxe5 Nf3+ 67. Ke4 Ng5+ 68. Ke3 h4 69. Rf4+ Kg3 70. Rf6 Kg4 71. Rf1 Nh3
72. Rf8 Ng5 73. Kf2 Kh5 74. Kg2 Kg4 75. Rg8 Kh5 76. Ra8 Kg4 77. Ra4+ Kh5 78.
Kf2 h3 79. Kg3 Kg6 80. Rb4 Kf5 81. Rb5+ Kf6 82. Kg4 h2 83. Rb1 Kg6 84. Rh1 Ne4
85. Kf4 Nf2 1/2-1/2

[Event "32. Copenhagen Open (Politiken Cup)"]
[Site "Elsinore"]
[Date "2010.08.05"]
[Round "7"]
[White "Guttulsrud, Odd Martin"]
[Black "Schultz Pedersen, Jesper"]
[Result "1-0"]
[WhiteElo "2073"]
[BlackElo "2206"]
[PlyCount "89"]
[EventDate "2010.07.31"]
[EventType "swiss"]
[EventRounds "10"]
[EventCountry "DEN"]
[Source "ChessBase"]
[SourceDate "2010.09.01"]

1. e4 Nc6 2. Nf3 e6 3. d4 d5 4. e5 Bd7 5. c3 f6 6. Bd3 Qe7 7. O-O Nh6 8. Nbd2
fxe5 9. Nxe5 Nxe5 10. dxe5 O-O-O 11. Nf3 Nf7 12. h4 Bc6 13. Re1 Qd7 14. Nd4 Be7
15. Qg4 Rde8 16. g3 g6 17. b4 b6 18. a4 Nd8 19. a5 h5 20. Qe2 g5 21. hxg5 Reg8
22. f4 h4 23. g4 h3 24. Kh2 Bb7 25. axb6 axb6 26. b5 Bc5 27. Bd2 Kb8 28. Rg1
Nf7 29. Rg3 Rc8 30. Be3 Bxd4 31. Bxd4 Rcf8 32. Qe3 Nd8 33. Ra2 c5 34. bxc6 Nxc6
35. Rb2 Rc8 36. Bxb6 d4 37. cxd4 Nb4 38. Be4 Qa4 39. Bxb7 Rc2+ 40. Rxc2 Qxc2+
41. Kh1 Kxb7 42. Bc5 Ra8 43. Bxb4 Ra1+ 44. Be1 Qc6+ 45. Kg1 1-0

[Event "32. Copenhagen Open (Politiken Cup)"]
[Site "Elsinore"]
[Date "2010.08.05"]
[Round "7"]
[White "Halamus, Agata"]
[Black "Rydstrom, Tom"]
[Result "0-1"]
[WhiteElo "1996"]
[BlackElo "1803"]
[PlyCount "76"]
[EventDate "2010.07.31"]
[EventType "swiss"]
[EventRounds "10"]
[EventCountry "DEN"]
[Source "ChessBase"]
[SourceDate "2010.09.01"]

1. e4 e5 2. Nf3 Nc6 3. Bc4 Bc5 4. b4 Bxb4 5. c3 Ba5 6. d4 exd4 7. Qb3 Qe7 8.
O-O Bb6 9. Bb2 Na5 10. Qa4 Nxc4 11. Qxc4 Qe6 12. Qb5 dxc3 13. Nxc3 Ne7 14. Ng5
Qg6 15. Ba3 a6 16. Qe5 d6 17. Qf4 O-O 18. Rac1 Bd7 19. e5 dxe5 20. Qxe5 Nc6 21.
Qf4 Rfe8 22. Nd5 Ba5 23. Rfd1 Qf5 24. Qg3 Re2 25. Rc5 Qg4 26. Qd3 Bf5 27. Ne7+
Rxe7 28. Rxf5 Qxd1+ 29. Qxd1 Re1+ 30. Qxe1 Bxe1 31. Nxf7 Nd4 32. Re5 Bc3 33.
Ng5 h6 34. Ne6 Re8 35. Nxd4 Rxe5 36. Nf3 Ra5 37. Be7 Rxa2 38. g3 b5 0-1